[Event "Montevideo Duchamp Cup 7th"]
[Site "Montevideo"]
[Date "2024.02.03"]
[Round "3"]
[White "Solari, Pablo"]
[Black "De Lima, Adriano Gaspar"]
[Result "0-1"]
[WhiteElo "1692"]
[BlackElo "1881"]
[PlyCount "96"]
[EventDate "2024.02.01"]
[EventType "swiss"]
[EventRounds "9"]
[EventCountry "URU"]
[SourceTitle "CB07_2024"]
[SourceDate "2024.02.14"]
[SourceVersion "1"]
[SourceVersionDate "2024.02.14"]
[SourceQuality "1"]

1. d4 Nf6 2. Nf3 g6 3. g3 Bg7 4. Bg2 0-0 5. c4 d6 6. 0-0 Nbd7 7. Nc3 Re8 8. e4 e5 9. Re1 exd4 10. Nxd4 Nc5 11. Nb3 Nfd7 12. Qc2 a5 13. Be3 Ne6 14. Rad1 a4 15. Nd4 Nxd4 16. Bxd4 Bxd4 17. Rxd4 Nc5 18. b4 axb3 19. axb3 c6 20. b4 Ne6 21. Rdd1 Qb6 22. b5 Qc5 23. bxc6 bxc6 24. Ne2 Ba6 25. Rc1 Rab8 26. Qa4 Rb6 27. Rb1 Rxb1 28. Rxb1 Qxc4 29. Qxc4 Bxc4 30. Bf1 Ng5 31. Nd4 Bxf1 32. Kxf1 c5 33. Nb5 Rb8 34. Nc3 Rxb1+ 35. Nxb1 Nxe4 36. f3 Nf6 37. Ke2 Kf8 38. Nc3 Ke7 39. Kd3 d5 40. Ne2 Kd6 41. g4 Nd7 42. h3 c4+ 43. Kc3 Ne5 44. Nd4 Nc6 45. Nb5+ Kc5 46. Nc7 d4+ 47. Kc2 Nb4+ 48. Kd2 c3+ 0-1

[Event "Montevideo Duchamp Cup 7th"]
[Site "Montevideo"]
[Date "2024.02.01"]
[Round "1"]
[White "Tonelli, Julian"]
[Black "De Lima, Adriano Gaspar"]
[Result "1-0"]
[WhiteElo "1506"]
[BlackElo "1881"]
[PlyCount "47"]
[EventDate "2024.02.01"]
[EventType "swiss"]
[EventRounds "9"]
[EventCountry "URU"]
[SourceTitle "CB07_2024"]
[SourceDate "2024.02.14"]
[SourceVersion "1"]
[SourceVersionDate "2024.02.14"]
[SourceQuality "1"]

1. e4 Nc6 2. d4 d5 3. e5 Bf5 4. Nf3 e6 5. Bb5 Nge7 6. 0-0 Qd7 7. c3 f6 8. exf6 gxf6 9. Nh4 0-0-0 10. Re1 Bg6 11. Bf4 Rg8 12. Nd2 Bf7 13. b4 h5 14. Nb3 Ng6 15. Bg3 Rg7 16. Na5 Nge7 17. Qa4 Kb8 18. Nb3 Nc8 19. Nc5 Bxc5 20. bxc5 N8e7 21. Rab1 Ka8 22. Rb3 Rb8 23. Ra3 Qc8 24. Nf5 1-0

[Event "ARG-ch sf 98th"]
[Site "Buenos Aires"]
[Date "2023.05.03"]
[Round "5"]
[White "De Cara, Juan Antonio"]
[Black "De Lima, Adriano Gaspar"]
[Result "1-0"]
[WhiteElo "2122"]
[BlackElo "1830"]
[PlyCount "51"]
[EventDate "2023.04.29"]
[EventType "swiss"]
[EventRounds "9"]
[EventCountry "ARG"]
[SourceTitle "CBM 214 Extra"]
[Source "ChessBase"]
[SourceDate "2023.07.31"]
[SourceVersion "1"]
[SourceVersionDate "2023.07.31"]
[SourceQuality "1"]

1. d4 d5 2. Nf3 Nf6 3. g3 g6 4. Bg2 Bg7 5. 0-0 0-0 6. c4 c6 7. b3 Nbd7 8. Nc3 Re8 9. cxd5 Nxd5 10. Nxd5 cxd5 11. Bf4 Nf6 12. Rc1 e6 13. Ne5 Bd7 14. Qd2 Qb6 15. Bg5 Bc8 16. Qf4 Qd8 17. Rc3 Rf8 18. Rfc1 Nh5 19. Qxf7+ Rxf7 20. Bxd8 Bxe5 21. Rxc8 Rxc8 22. Rxc8 Bg7 23. Bh3 Rf8 24. Bxe6+ Kh8 25. e3 b6 26. g4 1-0

[Event "ARG-ch sf 98th"]
[Site "Buenos Aires"]
[Date "2023.04.29"]
[Round "1"]
[White "Llanos, Guillermo"]
[Black "De Lima, Adriano Gaspar"]
[Result "1-0"]
[WhiteElo "2290"]
[BlackElo "1830"]
[PlyCount "55"]
[EventDate "2023.04.29"]
[EventType "swiss"]
[EventRounds "9"]
[EventCountry "ARG"]
[SourceTitle "CBM 214 Extra"]
[Source "ChessBase"]
[SourceDate "2023.07.31"]
[SourceVersion "1"]
[SourceVersionDate "2023.07.31"]
[SourceQuality "1"]

1. d4 Nf6 2. Nf3 g6 3. Bg5 Bg7 4. Nbd2 0-0 5. e4 d6 6. Bd3 Nc6 7. c3 e5 8. d5 Ne7 9. h3 Ne8 10. g4 Qd7 11. Qb3 f5 12. gxf5 gxf5 13. 0-0-0 Kh8 14. Kb1 fxe4 15. Bxe4 Nf5 16. Rdg1 Bf6 17. h4 Neg7 18. Qd1 Qe7 19. h5 h6 20. Bxf6 Qxf6 21. Rg6 Qe7 22. Qg1 Bd7 23. Ka1 Rf6 24. Bb1 Kg8 25. Ne4 Rxg6 26. Qxg6 Rf8 27. Nfg5 hxg5 28. Nxg5 1-0

[Event "ARG-ch U20"]
[Site "Buenos Aires"]
[Date "2023.02.19"]
[Round "6"]
[White "De Lima, Adriano Gaspar"]
[Black "Bazan, Octavio Aaron"]
[Result "1/2-1/2"]
[WhiteElo "1840"]
[BlackElo "1630"]
[PlyCount "37"]
[EventDate "2023.02.17"]
[EventType "swiss"]
[EventRounds "9"]
[EventCountry "ARG"]
[SourceTitle "EXT 2024"]
[Source "ChessBase"]
[SourceDate "2023.10.10"]
[SourceVersion "1"]
[SourceVersionDate "2023.10.10"]
[SourceQuality "1"]

1. d4 Nf6 2. Bg5 Ne4 3. Bf4 d5 4. Nd2 Nxd2 5. Qxd2 Bf5 6. e3 e6 7. Nf3 c6 8. c3 Bd6 9. Bxd6 Qxd6 10. Bd3 Bg6 11. 0-0 0-0 12. Rfe1 Nd7 13. Rad1 Rfe8 14. Bxg6 hxg6 15. Qd3 e5 16. dxe5 Nxe5 17. Nxe5 Qxe5 18. Qd4 f6 19. b3 1/2-1/2

[Event "ARG-ch U20"]
[Site "Buenos Aires"]
[Date "2023.02.17"]
[Round "2"]
[White "De Lima, Adriano Gaspar"]
[Black "Plazas, Jacob"]
[Result "1/2-1/2"]
[WhiteElo "1840"]
[BlackElo "1504"]
[PlyCount "89"]
[EventDate "2023.02.17"]
[EventType "swiss"]
[EventRounds "9"]
[EventCountry "ARG"]
[SourceTitle "EXT 2024"]
[Source "ChessBase"]
[SourceDate "2023.10.10"]
[SourceVersion "1"]
[SourceVersionDate "2023.10.10"]
[SourceQuality "1"]

1. d4 Nf6 2. Nc3 d6 3. Bf4 Nbd7 4. f3 e5 5. Bg3 Be7 6. e4 c6 7. Qd2 Qa5 8. Nge2 a6 9. Nc1 b5 10. dxe5 dxe5 11. Nd3 h6 12. Nd1 Qxd2+ 13. Kxd2 Bd6 14. Ne3 g6 15. a4 Bb7 16. b4 0-0 17. Be2 Rfe8 18. c4 bxa4 19. c5 Bc7 20. Rxa4 a5 21. Rha1 axb4 22. Rxa8 Rxa8 23. Rxa8+ Bxa8 24. Nc4 Bb7 25. Ncxe5 Nxe5 26. Bxe5 Bxe5 27. Nxe5 Kf8 28. Bc4 Ke7 29. Nxf7 Nd7 30. Nxh6 Nxc5 31. e5 Nd7 32. f4 Nb6 33. Ba2 c5 34. f5 gxf5 35. Nxf5+ Kf8 36. g4 c4 37. Nd6 Bd5 38. Bb1 Nd7 39. Ke3 Nxe5 40. Kd4 Nxg4 41. Kxd5 Nxh2 42. Kxc4 Nf3 43. Kxb4 Ke7 44. Kc5 Ne5 45. Be4 1/2-1/2

[Event "Obera op"]
[Site "Obera"]
[Date "2023.02.05"]
[Round "5"]
[White "De Paula, Marcelo Emanuel"]
[Black "De Lima, Adriano Gaspar"]
[Result "0-1"]
[WhiteElo "1471"]
[BlackElo "1840"]
[PlyCount "116"]
[EventDate "2023.02.03"]
[EventType "swiss"]
[EventRounds "6"]
[EventCountry "ARG"]
[SourceTitle "CBM 212 Extra"]
[Source "ChessBase"]
[SourceDate "2023.03.31"]
[SourceVersion "1"]
[SourceVersionDate "2023.03.31"]
[SourceQuality "1"]

1. d4 d6 2. c4 Nf6 3. Nc3 Bf5 4. Nf3 c6 5. Bf4 e6 6. h3 Be7 7. e3 0-0 8. Be2 Re8 9. 0-0 Qa5 10. Qb3 Qb6 11. Rfc1 Nbd7 12. Na4 Qxb3 13. axb3 a5 14. c5 dxc5 15. Nxc5 Nxc5 16. dxc5 Ne4 17. Bd6 Bxd6 18. cxd6 Red8 19. Ne5 Nd2 20. Ra3 Rxd6 21. Rc5 f6 22. Nc4 Nxc4 23. Bxc4 Kf8 24. Rcxa5 Rad8 25. Ra8 Ke7 26. Rxd8 Rxd8 27. Ra7 Rd7 28. b4 e5 29. h4 Be6 30. Be2 Kd6 31. Ra3 Kc7 32. Rd3 Kb6 33. Kf1 c5 34. bxc5+ Kxc5 35. Ke1 Kb4 36. Kd2 h6 37. g3 g5 38. hxg5 fxg5 39. Bf3 b6 40. Rxd7 Bxd7 41. Bd5 h5 42. Ke2 Kc5 43. Be4 Kd6 44. Kd3 Bb5+ 45. Kc3 h4 46. gxh4 gxh4 47. Bg2 Bd7 48. f3 h3 49. Bf1 e4 50. f4 h2 51. Bg2 Kd5 52. Kb4 Bg4 53. Kb5 Bf3 54. Bf1 h1Q 55. Bc4+ Kd6 56. Kxb6 Qc1 57. b3 Qxe3+ 58. Kb7 Qxf4 0-1

[Event "Santa Fe Litoral op 2nd"]
[Site "Santa Fe"]
[Date "2022.11.12"]
[Round "5"]
[White "Antoniazzi, Maximiliano"]
[Black "De Lima, Adriano Gaspar"]
[Result "0-1"]
[WhiteElo "1884"]
[BlackElo "1781"]
[PlyCount "98"]
[EventDate "2022.11.10"]
[EventType "swiss"]
[EventRounds "7"]
[EventCountry "ARG"]
[SourceTitle "CBM 211 Extra"]
[Source "ChessBase"]
[SourceDate "2023.01.31"]
[SourceVersion "1"]
[SourceVersionDate "2023.01.31"]
[SourceQuality "1"]

1. e4 Nc6 2. Nc3 e6 3. Bc4 Nf6 4. d3 d5 5. exd5 exd5 6. Bb5 Bb4 7. a3 Ba5 8. b4 Bb6 9. Nf3 Qe7+ 10. Qe2 Qxe2+ 11. Nxe2 0-0 12. 0-0 Bg4 13. Be3 Rfe8 14. Bxb6 cxb6 15. Ned4 Rac8 16. Rfe1 Bd7 17. Bxc6 bxc6 18. Ne5 c5 19. bxc5 bxc5 20. Nxd7 Rxe1+ 21. Rxe1 cxd4 22. Nxf6+ gxf6 23. Re7 Rxc2 24. Kf1 a6 25. Rd7 Rc5 26. Rd6 Ra5 27. Rxf6 Rxa3 28. Rd6 Ra5 29. h4 Ra1+ 30. Ke2 Ra2+ 31. Kf3 Ra3 32. Rxd5 Rxd3+ 33. Ke2 Ra3 34. Rxd4 Ra2+ 35. Ke3 Kg7 36. h5 a5 37. Rd6 h6 38. g4 a4 39. Ra6 Ra3+ 40. Ke4 Ra2 41. f4 a3 42. f5 Ra1 43. f6+ Kh7 44. Ra7 a2 45. Rxf7+ Kg8 46. Rg7+ Kh8 47. Kf5 Rf1+ 48. Kg6 Rxf6+ 49. Kxf6 a1Q+ 0-1

[Event "Santa Fe Litoral op 2nd"]
[Site "Santa Fe"]
[Date "2022.11.12"]
[Round "4"]
[White "De Lima, Adriano Gaspar"]
[Black "Fontanini, Jorge"]
[Result "1/2-1/2"]
[WhiteElo "1781"]
[BlackElo "2002"]
[PlyCount "64"]
[EventDate "2022.11.10"]
[EventType "swiss"]
[EventRounds "7"]
[EventCountry "ARG"]
[SourceTitle "CBM 211 Extra"]
[Source "ChessBase"]
[SourceDate "2023.01.31"]
[SourceVersion "1"]
[SourceVersionDate "2023.01.31"]
[SourceQuality "1"]

1. d4 d5 2. Nc3 Nf6 3. Bf4 c5 4. e3 cxd4 5. exd4 Bg4 6. Be2 Bxe2 7. Qxe2 Nc6 8. Nf3 e6 9. 0-0 Be7 10. Rfe1 0-0 11. a3 Rc8 12. Rac1 Na5 13. Ne5 Bxa3 14. bxa3 Rxc3 15. Bd2 Rc8 16. Qb5 Nc6 17. Qxb7 Nxe5 18. dxe5 Nd7 19. Qxa7 Ra8 20. Qe3 Qb6 21. c4 Qxe3 22. Rxe3 dxc4 23. Rxc4 Nb6 24. Rc6 Nd5 25. Rb3 h6 26. g3 Ra4 27. Bb4 Rb8 28. Rc4 Ra6 29. Rd3 Ra4 30. Kg2 Rd8 31. Rdd4 Rda8 32. Bc5 R4a5 1/2-1/2

[Event "Entre Rios Galmarello Cup 3rd"]
[Site "Entre Rios"]
[Date "2022.11.05"]
[Round "4"]
[White "Daneri, Martin"]
[Black "De Lima, Adriano Gaspar"]
[Result "1-0"]
[WhiteElo "2034"]
[BlackElo "1781"]
[PlyCount "32"]
[EventDate "2022.11.04"]
[EventType "swiss"]
[EventRounds "6"]
[EventCountry "ARG"]
[SourceTitle "EXT 2024"]
[Source "ChessBase"]
[SourceDate "2023.10.10"]
[SourceVersion "1"]
[SourceVersionDate "2023.10.10"]
[SourceQuality "1"]

1. c4 Nf6 2. Nc3 g6 3. e4 d6 4. d4 Bg7 5. f4 e5 6. dxe5 dxe5 7. Qxd8+ Kxd8 8. Nf3 Re8 9. fxe5 Nfd7 10. Bg5+ f6 11. exf6 Bxf6 12. 0-0-0 Bxg5+ 13. Nxg5 h6 14. Nf7+ Ke7 15. Nxh6 c6 16. Ng4 Nc5 1-0

[Event "Rio Negro Litoral op"]
[Site "Rio Negro"]
[Date "2022.08.07"]
[Round "5"]
[White "De Lima, Adriano Gaspar"]
[Black "Benitez, Andres"]
[Result "1/2-1/2"]
[WhiteElo "1659"]
[BlackElo "1983"]
[PlyCount "59"]
[EventDate "2022.08.06"]
[EventType "swiss"]
[EventRounds "5"]
[EventCountry "URU"]
[SourceTitle "EXT 2023"]
[Source "ChessBase"]
[SourceDate "2022.10.05"]
[SourceVersion "1"]
[SourceVersionDate "2022.10.05"]
[SourceQuality "1"]

1. d4 d5 2. Nc3 Nf6 3. Bf4 c5 4. e3 cxd4 5. exd4 Bg4 6. f3 Bd7 7. Nge2 Nc6 8. Qd2 e6 9. a3 a6 10. g4 Rc8 11. h4 Qb6 12. Na4 Qa5 13. Qxa5 Nxa5 14. Nac3 h6 15. Bh3 Nc4 16. 0-0-0 b5 17. Kb1 Ng8 18. g5 g6 19. Be5 Nxe5 20. dxe5 h5 21. Nd4 Bc5 22. Nce2 Ne7 23. c3 Nc6 24. Nxc6 Bxc6 25. Nd4 Bd7 26. Bf1 Ke7 27. Be2 Rb8 28. b4 Bb6 29. Kb2 Rhc8 30. Ra1 1/2-1/2

[Event "Corrientes City-ch"]
[Site "Corrientes"]
[Date "2022.05.14"]
[Round "2"]
[White "De Lima, Adriano Gaspar"]
[Black "Cornejo, Diego"]
[Result "0-1"]
[WhiteElo "1595"]
[BlackElo "1942"]
[PlyCount "74"]
[EventDate "2022.05.14"]
[EventType "swiss"]
[EventRounds "6"]
[EventCountry "ARG"]
[SourceTitle "CBM 208 Extra"]
[Source "ChessBase"]
[SourceDate "2022.07.31"]
[SourceVersion "1"]
[SourceVersionDate "2022.07.31"]
[SourceQuality "1"]

1. d4 Nf6 2. Nc3 d5 3. Bf4 Bf5 4. f3 h6 5. g4 Bg6 6. h4 e6 7. e3 a6 8. Bd3 Bxd3 9. Qxd3 c5 10. Nge2 Nc6 11. 0-0-0 c4 12. Qd2 b5 13. g5 Nd7 14. e4 Nb6 15. exd5 exd5 16. Rde1 b4 17. Nb1 Kd7 18. Ng3 Kc8 19. Qe3 Kb7 20. gxh6 gxh6 21. Nf5 c3 22. b3 Nd7 23. a4 Qf6 24. Qd3 Rg8 25. Be5 Ndxe5 26. dxe5 Qe6 27. f4 Bc5 28. Ne3 Rg3 29. f5 Qxe5 30. Nxd5 Rxd3 31. Rxe5 Nxe5 32. cxd3 Nxd3+ 33. Kc2 Ne5 34. Re1 Nf3 35. Re4 a5 36. Rc4 Bd6 37. Nf6 Ne1+ 0-1